[Event "2nd Washington Int"]
[Site "Rockville USA"]
[Date "2013.08.08"]
[Round "6.1"]
[White "Corrales Jimenez, Fidel"]
[Black "Mulyar, Michael A."]
[Result "1/2-1/2"]
[BlackTitle "IM"]
[WhiteElo "2598"]
[BlackElo "2389"]
[WhiteFideId "3506690"]
[BlackFideId "2008742"]
[EventDate "2013.08.06"]

1. e4 e5 2. Nf3 Nc6 3. d4 exd4 4. Nxd4 Bc5 5. Be3 Qf6 6. c3 Nge7 7. Bc4 O-O 8.
O-O b6 9. Na3 Bxa3 10. bxa3 Bb7 11. f4 d5 12. e5 Qh6 13. Nxc6 Qxc6 14. Be2 f6
15. exf6 Qxf6 16. Bd3 c5 17. f5 Nc6 18. Qd2 h6 19. Rae1 1/2-1/2

[Event "2nd Washington Int"]
[Site "Rockville USA"]
[Date "2013.08.08"]
[Round "6.3"]
[White "Fridman, Daniel"]
[Black "Sundararajan, Kidambi"]
[Result "1/2-1/2"]
[WhiteTitle "GM"]
[BlackTitle "GM"]
[WhiteElo "2634"]
[BlackElo "2458"]
[WhiteFideId "11600454"]
[BlackFideId "5005370"]
[EventDate "2013.08.06"]

1. Nf3 Nf6 2. c4 b6 3. g3 c5 4. Bg2 Bb7 5. Nc3 g6 6. O-O Bg7 7. d4 cxd4 8. Qxd4
d6 9. Be3 Nbd7 10. Qd2 Rc8 11. b3 O-O 12. Rac1 Ne4 13. Nxe4 Bxe4 14. Rfd1 Rc7
15. Bh3 Qb8 16. Nd4 a6 17. Bh6 Nf6 18. b4 Ba8 19. Bxg7 Kxg7 20. Qg5 Kh8 21. f3
Bb7 22. e4 Bc8 23. Bf1 Kg7 24. e5 dxe5 25. Qxe5 Bb7 26. c5 bxc5 27. Rxc5 Rxc5
28. Qxb8 Rxb8 29. bxc5 Rc8 30. Rc1 e5 31. c6 Ba8 32. Bxa6 Rc7 33. Ne2 Rxc6 34.
Rxc6 Bxc6 35. Kf2 Nd5 36. Bc4 f5 37. Bb3 Kf6 38. a4 Ke7 39. Nc1 Kd6 40. Nd3 g5
41. a5 Bb5 42. Bxd5 Bxd3 43. Bb7 f4 44. h4 Kc7 45. Bd5 Kd6 46. Bb7 1/2-1/2

[Event "2nd Washington Int"]
[Site "Rockville USA"]
[Date "2013.08.08"]
[Round "6.4"]
[White "Lenderman, Aleksandr"]
[Black "Hunt, Adam C"]
[Result "1/2-1/2"]
[WhiteTitle "GM"]
[BlackTitle "IM"]
[WhiteElo "2527"]
[BlackElo "2430"]
[WhiteFideId "2021285"]
[BlackFideId "403970"]
[EventDate "2013.08.06"]

1. d4 Nf6 2. Nf3 g6 3. Bf4 Bg7 4. e3 d6 5. h3 O-O 6. Be2 Nfd7 7. O-O e5 8. Bh2
Nc6 9. c4 f5 10. Nc3 Kh8 11. Rb1 e4 12. Nd2 Nf6 13. b4 Ne7 14. c5 d5 15. Nb5 Ne8
16. f3 a6 17. Nc3 Nf6 18. Be5 g5 19. f4 gxf4 20. Bxf4 Ng6 21. g3 Nxf4 22. gxf4
Rg8 23. Kh2 b5 24. a4 c6 25. Ra1 Bd7 26. Nb3 Ne8 27. Rg1 Nc7 28. Qe1 Bf6 29.
Rxg8+ Qxg8 30. Ra2 Qd8 31. Qa1 Rc8 32. Bf1 Bh4 33. Rg2 Ne6 34. Ne2 Be8 35. Ng3
Bg6 36. axb5 axb5 37. Qa6 Qd7 38. Na5 Bd8 39. Kg1 Rc7 40. Be2 Ng7 41. Qa8 Rc8
42. Qa6 Rc7 43. Qa8 1/2-1/2

[Event "2nd Washington Int"]
[Site "Rockville USA"]
[Date "2013.08.08"]
[Round "6.5"]
[White "Kekelidze, Mikheil"]
[Black "Chirila, Ioan-Cristian"]
[Result "1/2-1/2"]
[WhiteTitle "GM"]
[BlackTitle "GM"]
[WhiteElo "2470"]
[BlackElo "2520"]
[WhiteFideId "13600818"]
[BlackFideId "1211668"]
[EventDate "2013.08.06"]

1. d4 Nf6 2. c4 g6 3. Nc3 d5 4. e3 Bg7 5. cxd5 Nxd5 6. Nxd5 Qxd5 7. Ne2 O-O 8.
Nc3 Qd8 9. Be2 e5 10. d5 c6 11. e4 cxd5 12. exd5 b6 13. O-O Bb7 14. Be3 Nd7 15.
Qb3 Rc8 16. Ne4 Nf6 17. Bg5 h6 18. Nxf6+ Bxf6 19. Bxh6 Bxd5 20. Qg3 Re8 21. Rad1
Rc7 22. b3 Rd7 23. Bb5 Bc6 24. Bc4 Bd5 25. Bb5 Bc6 26. Bc4 Bd5 27. Qg4 Be6 28.
Bxe6 Rxe6 29. Rxd7 Qxd7 30. Rd1 Qc7 31. h4 Rd6 32. Rxd6 Qxd6 33. h5 Bg7 34. Be3
gxh5 35. Qxh5 Qd3 36. Qg4 f5 37. Qc4+ Qxc4 38. bxc4 Kf7 39. f3 f4 40. Bf2 Ke6
41. Kf1 e4 42. fxe4 Ke5 43. c5 1/2-1/2

[Event "2nd Washington Int"]
[Site "Rockville USA"]
[Date "2013.08.08"]
[Round "6.6"]
[White "Troff, Kayden W"]
[Black "Ludwig, Daniel"]
[Result "0-1"]
[WhiteTitle "IM"]
[BlackTitle "IM"]
[WhiteElo "2428"]
[BlackElo "2479"]
[WhiteFideId "2047896"]
[BlackFideId "2024322"]
[EventDate "2013.08.06"]

1. d4 Nf6 2. c4 e6 3. g3 Bb4+ 4. Nd2 c5 5. a3 Bxd2+ 6. Qxd2 cxd4 7. Nf3 d5 8.
cxd5 Qxd5 9. Qxd4 Nc6 10. Qh4 e5 11. Bg2 e4 12. Nd2 Nd4 13. O-O Bf5 14. g4 Nxe2+
15. Kh1 Nxc1 16. gxf5 Qxd2 17. Raxc1 O-O 18. Bxe4 Qxb2 19. Rg1 Nxe4 20. Qxe4
Rae8 21. Qf4 Qf6 22. Rg5 Re5 23. Rcg1 g6 24. h4 Kh8 25. h5 Rxf5 26. Rxf5 Qxf5
27. Qxf5 gxf5 28. Rg5 Rb8 29. a4 b5 30. axb5 Rxb5 31. Rg3 f4 32. Ra3 Rxh5+ 33.
Kg2 a5 34. Ra4 Rf5 35. Kf3 Kg7 36. Rc4 h5 37. Rc6 f6 38. Rc8 Rg5 39. Rc4 Kg6 40.
Rc8 h4 41. Rh8 Rh5 42. Rg8+ Kf7 43. Rg2 h3 44. Rh2 a4 45. Kg4 Kg6 0-1

[Event "2nd Washington Int"]
[Site "Rockville USA"]
[Date "2013.08.08"]
[Round "6.7"]
[White "Sarkar, Justin"]
[Black "Enkhbat, Tegshsuren"]
[Result "1-0"]
[WhiteTitle "IM"]
[BlackTitle "IM"]
[WhiteElo "2437"]
[BlackElo "2417"]
[WhiteFideId "2010011"]
[BlackFideId "4900251"]
[EventDate "2013.08.06"]

1. d4 d5 2. c4 c6 3. Nf3 Nf6 4. Nc3 a6 5. c5 Nbd7 6. Bf4 Nh5 7. Bd2 Nhf6 8. Bf4
Nh5 9. Bg5 h6 10. Bd2 Nhf6 11. Bf4 Nh5 12. Be5 Nxe5 13. Nxe5 Nf6 14. e3 Nd7 15.
f4 Nxe5 16. fxe5 Bf5 17. Bd3 Bxd3 18. Qxd3 e6 19. O-O Be7 20. e4 O-O 21. exd5
exd5 22. Na4 Qe8 23. Nb6 Rd8 24. g3 h5 25. h4 Rb8 26. Qe2 Bd8 27. Qxh5 Bxb6 28.
cxb6 Qd8 29. Rf4 Qxb6 30. Raf1 c5 31. Rxf7 Qe6 32. Rxf8+ Rxf8 33. Rxf8+ Kxf8 34.
dxc5 b6 35. b4 bxc5 36. bxc5 Qc6 37. Qf5+ Ke7 38. e6 Qxc5+ 39. Kg2 Qc4 40. Qf7+
Kd6 41. Qd7+ Ke5 42. e7 Qe4+ 43. Kh2 1-0

[Event "2nd Washington Int"]
[Site "Rockville USA"]
[Date "2013.08.08"]
[Round "6.8"]
[White "Sevian, Samuel"]
[Black "Molner, Mackenzie"]
[Result "1/2-1/2"]
[WhiteTitle "FM"]
[BlackTitle "IM"]
[WhiteElo "2388"]
[BlackElo "2506"]
[WhiteFideId "2040506"]
[BlackFideId "2021722"]
[EventDate "2013.08.06"]

1. e4 e5 2. Nf3 Nc6 3. Bb5 a6 4. Ba4 Nf6 5. d3 d6 6. c3 g6 7. O-O Bg7 8. Nbd2
O-O 9. Re1 b5 10. Bb3 Nb8 11. Nf1 Nbd7 12. Ng3 Bb7 13. Be3 Re8 14. Qd2 Nc5 15.
Bc2 Ng4 16. Bg5 f6 17. Bh4 d5 18. exd5 Bxd5 19. Ne4 Nxe4 20. dxe4 Be6 21. Rad1
Qxd2 22. Nxd2 a5 23. f3 Nh6 24. Bb3 a4 25. Bxe6+ Rxe6 26. Bf2 Nf7 27. Nf1 Nd6
28. Ne3 c6 29. Nc2 Bf8 30. Bc5 Nc4 31. Bxf8 Kxf8 32. b3 axb3 33. axb3 Nb6 34.
Nb4 Ke7 35. Ra1 Rd6 36. Rxa8 Nxa8 37. Kf2 Nc7 38. Ke2 c5 39. Nc2 Ne6 40. g3 Ra6
41. Rd1 Ra2 42. Rd2 b4 43. cxb4 cxb4 44. Ke1 Ng5 45. Ke2 Rb2 46. h4 Ne6 47. Nxb4
Nd4+ 48. Ke3 Rxb3+ 49. Nd3 Rc3 50. f4 Nb3 51. Rd1 Nc5 52. fxe5 fxe5 53. Ke2 Nxe4
54. Nxe5 Nxg3+ 55. Kf2 Ne4+ 56. Ke2 Ke6 57. Nf3 h5 58. Rd8 Ng3+ 59. Kf2 Ne4+ 60.
Ke2 Nf6 61. Ra8 Ng4 62. Ng5+ Ke5 63. Ra5+ Kf4 1/2-1/2

[Event "2nd Washington Int"]
[Site "Rockville USA"]
[Date "2013.08.08"]
[Round "6.13"]
[White "Garcia, Gildardo"]
[Black "Barron, Michael"]
[Result "1-0"]
[WhiteTitle "GM"]
[BlackTitle "FM"]
[WhiteElo "2393"]
[BlackElo "2177"]
[WhiteFideId "4400020"]
[BlackFideId "2605120"]
[EventDate "2013.08.06"]

1. e4 e5 2. Nf3 Nc6 3. Bb5 a6 4. Ba4 Nf6 5. O-O Be7 6. Re1 b5 7. Bb3 O-O 8. c3
d6 9. d4 Bg4 10. Be3 exd4 11. cxd4 Na5 12. Bc2 c5 13. h3 Bh5 14. dxc5 dxc5 15.
Nbd2 Nd7 16. g4 Bg6 17. e5 Qc7 18. Bf4 Rfd8 19. Bxg6 hxg6 20. Bg3 Qb6 21. e6
fxe6 22. Qc2 Nf8 23. Re2 Nc6 24. Qb3 Nd4 25. Nxd4 Rxd4 26. Nf3 Rd5 27. Ne5 Bf6
28. Rae1 Rad8 29. Qf3 c4 30. h4 Qb7 31. Kg2 Bxe5 32. Bxe5 R8d7 33. Qe4 Rf7 34.
Kg1 Qe7 35. Bxg7 Qxh4 36. Bxf8 Rg5 37. f3 Kxf8 38. Kg2 Qh8 1-0

[Event "2nd Washington Int"]
[Site "Rockville USA"]
[Date "2013.08.08"]
[Round "6.14"]
[White "Li, Ruifeng"]
[Black "Martin Del Campo C., Roberto"]
[Result "1/2-1/2"]
[WhiteTitle "CM"]
[BlackTitle "IM"]
[WhiteElo "2246"]
[BlackElo "2386"]
[WhiteFideId "2061074"]
[BlackFideId "5100046"]
[EventDate "2013.08.06"]

1. e4 c5 2. Nf3 d6 3. d4 cxd4 4. Nxd4 Nf6 5. Nc3 Nc6 6. Bg5 e6 7. Qd3 a6 8. Be2
Bd7 9. O-O b5 10. Nxc6 Bxc6 11. a3 Be7 12. Rad1 O-O 13. Bf4 Qc8 14. Bxd6 Bxd6
15. Qxd6 Nxe4 16. Nxe4 Bxe4 17. c3 Qb7 18. Qg3 f5 19. f3 Bd5 20. Rd4 Qb6 21. Qf2
Qc7 22. Rfd1 Rf6 23. f4 1/2-1/2

[Event "2nd Washington Int"]
[Site "Rockville USA"]
[Date "2013.08.08"]
[Round "6.15"]
[White "Shetty, Atulya"]
[Black "Adithya, B."]
[Result "1/2-1/2"]
[WhiteTitle "FM"]
[WhiteElo "2341"]
[BlackElo "2311"]
[WhiteFideId "2031213"]
[BlackFideId "5020506"]
[EventDate "2013.08.06"]

1. c4 g6 2. g3 Nf6 3. Bg2 Bg7 4. Nc3 O-O 5. e4 d6 6. Nge2 c5 7. O-O Nc6 8. d3
Ne8 9. Be3 Nd4 10. h3 Nc7 11. f4 Rb8 12. Qd2 b5 13. Rae1 a5 14. Kh2 Ba6 15. b3
Bc8 16. cxb5 Ncxb5 17. Nxb5 Rxb5 18. f5 a4 19. Nc3 Rb8 20. Nxa4 Ba6 21. Nb2 Nc6
22. Bh6 Qa5 23. Qxa5 Nxa5 24. Bxg7 Kxg7 25. e5 gxf5 26. Rxf5 Bb7 27. exd6 exd6
28. Bd5 Bxd5 29. Rxd5 Rfe8 30. Re4 Rxe4 31. dxe4 Re8 32. Rxd6 Rxe4 33. Rd2 c4
34. Nxc4 Nxc4 35. bxc4 Rxc4 36. a3 Ra4 37. Ra2 f5 38. Kg2 h5 39. h4 Kf6 40. Kf3
Ke5 41. Re2+ Kf6 42. Re3 Kg6 43. Rb3 Kf6 44. Ke2 Ke5 45. Rf3 Ra8 46. Kd2 f4 47.
gxf4+ Kf5 48. Rg3 Ra4 49. Rf3 Kg4 50. Ke2 Re4+ 51. Kf2 Rc4 52. Rb3 Kxh4 53. Kf3
Rc1 54. a4 Rf1+ 55. Kg2 1/2-1/2

[Event "2nd Washington Int"]
[Site "Rockville USA"]
[Date "2013.08.08"]
[Round "6.16"]
[White "Rohonyan, Katerina"]
[Black "Schuyler, James"]
[Result "1-0"]
[WhiteTitle "WGM"]
[BlackTitle "FM"]
[WhiteElo "2299"]
[BlackElo "2333"]
[WhiteFideId "14107503"]
[BlackFideId "2001861"]
[EventDate "2013.08.06"]

1. e4 Nc6 2. Nc3 Nf6 3. d4 d6 4. d5 Nb8 5. Nf3 g6 6. Bg5 Bg7 7. Qd2 c6 8. O-O-O
Bg4 9. Be2 Nbd7 10. Bh6 Bxh6 11. Qxh6 Qb6 12. Rhf1 O-O-O 13. dxc6 bxc6 14. h3
Bxf3 15. Bxf3 Kc7 16. Kb1 Nc5 17. Qe3 Rb8 18. b3 e5 19. Rd2 Qb4 20. g4 Rhd8 21.
Rfd1 a5 22. g5 Ne8 23. Kb2 Rb7 24. Bg4 Qb6 25. a3 Ng7 26. Re1 Nge6 27. Bxe6 fxe6
28. Red1 Rbb8 29. h4 Rd7 30. h5 Rf8 31. hxg6 hxg6 32. Ka2 Rdf7 33. Rxd6 Rxf2 34.
Rd7+ Kc8 35. Rd8+ Kb7 36. R1d7+ Ka6 37. Qxf2 1-0

[Event "2nd Washington Int"]
[Site "Rockville USA"]
[Date "2013.08.08"]
[Round "6.17"]
[White "Piasetski, Leon"]
[Black "Chandra, Akshat"]
[Result "1-0"]
[WhiteTitle "IM"]
[BlackTitle "FM"]
[WhiteElo "2286"]
[BlackElo "2328"]
[WhiteFideId "2600072"]
[BlackFideId "25006711"]
[EventDate "2013.08.06"]

1. Nf3 Nf6 2. c4 g6 3. Nc3 d5 4. Qa4+ Bd7 5. Qb3 dxc4 6. Qxc4 Bg7 7. g3 O-O 8.
Bg2 Nc6 9. O-O e5 10. d3 Ne8 11. Bg5 Qc8 12. Nd5 Nd6 13. Qc1 f6 14. Be3 Re8 15.
Nd2 Nf5 16. Nb3 Qd8 17. Nc5 Bc8 18. Nc3 Bf8 19. Bxc6 bxc6 20. N3a4 Qd5 21. f3
Nd4 22. Rf2 h5 23. Bh6 Be7 24. e4 Qf7 25. Be3 Rd8 26. Qc4 Qxc4 27. dxc4 g5 28.
Kg2 Ne6 29. b3 Kf7 30. Re1 Nf8 31. f4 exf4 32. gxf4 g4 33. f5 Bd6 34. Bf4 Bxf4
35. Rxf4 Nh7 36. Nb2 Ng5 37. Rd1 Rxd1 38. Nxd1 Ke7 39. Nb2 Bd7 40. Rf1 Be8 41.
Rd1 Rd8 42. Rxd8 Kxd8 43. Kg3 Ke7 44. Nbd3 Kd6 45. Kf4 Nh3+ 46. Ke3 Ng5 47. Nb7+
Ke7 48. Nf2 Bd7 49. Kf4 Nf7 50. Nc5 Bc8 51. Ncd3 Ng5 52. e5 Nf3 53. exf6+ Kxf6
54. Ne4+ Ke7 55. h3 Nd4 56. hxg4 hxg4 57. f6+ Kf8 58. Ne5 Ne2+ 59. Ke3 Nc1 60.
Ng5 Bf5 61. Kf4 g3 62. Kxf5 g2 63. Ne6+ Kg8 64. f7+ Kh7 65. Nf3 1-0

[Event "2nd Washington Int"]
[Site "Rockville USA"]
[Date "2013.08.08"]
[Round "6.19"]
[White "Paikidze, Nazi"]
[Black "Uesugi, Shinsaku"]
[Result "1-0"]
[WhiteTitle "IM"]
[BlackTitle "FM"]
[WhiteElo "2377"]
[BlackElo "2292"]
[WhiteFideId "13603620"]
[BlackFideId "2024578"]
[EventDate "2013.08.06"]

1. e4 c5 2. b3 Nc6 3. Bb2 e5 4. Bc4 Nf6 5. Nc3 Be7 6. d3 Rb8 7. Nge2 d6 8. O-O
O-O 9. a4 a6 10. Qd2 Bd7 11. f4 Nd4 12. a5 Bc6 13. Nd5 Bxd5 14. Bxd5 Nxd5 15.
exd5 Bf6 16. Bxd4 exd4 17. Ng3 Bh4 18. Nf5 g6 19. Nxh4 Qxh4 20. f5 Rfe8 21. g3
Qh5 22. Rae1 Rxe1 23. Qxe1 Qg5 24. f6 Qe3+ 25. Qxe3 dxe3 26. Rf3 Re8 27. Kf1 e2+
28. Ke1 g5 29. Rf2 h6 30. Rxe2 Rxe2+ 31. Kxe2 Kh7 32. d4 cxd4 33. Kd3 Kg6 34. g4
h5 35. h3 Kxf6 36. Kxd4 Kg6 37. Ke4 f5+ 38. gxf5+ Kf6 39. c4 Kf7 40. h4 Kf6 41.
c5 1-0

[Event "2nd Washington Int"]
[Site "Rockville USA"]
[Date "2013.08.08"]
[Round "6.21"]
[White "Kaufman, Larry C"]
[Black "Chiang, Jonathan"]
[Result "1-0"]
[WhiteTitle "GM"]
[BlackTitle "FM"]
[WhiteElo "2332"]
[BlackElo "2165"]
[WhiteFideId "2000555"]
[BlackFideId "2010801"]
[EventDate "2013.08.06"]

1. d4 Nf6 2. c4 c5 3. d5 b5 4. Nf3 d6 5. cxb5 a6 6. e3 Bd7 7. bxa6 Nxa6 8. Nc3
g6 9. e4 Bg7 10. e5 dxe5 11. Nxe5 O-O 12. Nxd7 Qxd7 13. Bb5 Qd6 14. O-O Nc7 15.
Bc6 Rad8 16. Bg5 Rb8 17. Qf3 Rb4 18. a3 Rd4 19. h3 Nfxd5 20. Bxd5 Nxd5 21. Nb5
Qd7 22. Nxd4 Bxd4 23. Rad1 e5 24. Be3 Rb8 25. b4 e4 26. Qg3 Qa7 27. Bxd4 cxd4
28. Rxd4 1-0

[Event "2nd Washington Int"]
[Site "Rockville USA"]
[Date "2013.08.08"]
[Round "6.26"]
[White "Chevannes, Sabrina L"]
[Black "Clancy, Daniel J"]
[Result "1-0"]
[WhiteTitle "WFM"]
[WhiteElo "2160"]
[BlackElo "2119"]
[WhiteFideId "411280"]
[BlackFideId "2026074"]
[EventDate "2013.08.06"]

1. d4 Nf6 2. Nf3 g6 3. g3 Bg7 4. Bg2 O-O 5. c4 d6 6. Nc3 Nbd7 7. O-O e5 8. e4
exd4 9. Nxd4 Re8 10. h3 a6 11. Re1 Rb8 12. a4 a5 13. Bg5 h6 14. Be3 Nc5 15. Qc2
c6 16. Rad1 Nfd7 17. f4 Qe7 18. Kh2 Qf8 19. Bf2 Nf6 20. Qd2 h5 21. Nc2 h4 22.
Qxd6 hxg3+ 23. Bxg3 Qxd6 24. Rxd6 Nh5 25. e5 Bh6 26. Rf1 Ne6 27. Ne2 Neg7 28.
Ne3 Be6 29. Nd4 Rbd8 30. Ng4 Bxg4 31. hxg4 Nxg3 32. Kxg3 Rxd6 33. exd6 Re3+ 34.
Rf3 Rxf3+ 35. Kxf3 Kf8 36. g5 1-0

[Event "2nd Washington Int"]
[Site "Rockville USA"]
[Date "2013.08.08"]
[Round "6.27"]
[White "Busygin, Stanislav"]
[Black "Kane, Jeremy"]
[Result "0-1"]
[WhiteElo "2141"]
[BlackElo "2196"]
[WhiteFideId "2007029"]
[BlackFideId "2027852"]
[EventDate "2013.08.06"]

1. e4 e5 2. Nf3 Nc6 3. Nc3 Nf6 4. d4 exd4 5. Nd5 Be7 6. Bf4 d6 7. Nxd4 Nxd5 8.
exd5 Nxd4 9. Qxd4 O-O 10. O-O-O Bf6 11. Qd2 Bf5 12. f3 h5 13. h4 Qe8 14. Bg5 Qe5
15. Bxf6 Qxf6 16. Qg5 Qxg5+ 17. hxg5 g6 18. Rd4 Kg7 19. Rdh4 f6 20. gxf6+ Kxf6
21. Rb4 b6 22. Bb5 a6 23. Bc6 Rad8 24. g4 hxg4 25. fxg4 Bc8 26. Rh7 a5 27. Rb3
Bxg4 28. Rxc7 Rb8 29. Bb7 Rf7 30. Rxf7+ Kxf7 31. Bc6 Kf6 32. Kd2 Bf5 33. a4 g5
34. Bb5 Be4 35. Bc4 Ke5 36. Rg3 Kf4 37. Rg1 Rh8 38. Be2 Rh2 39. Rf1+ Ke5 40. c4
Kd4 41. Rg1 Bf3 42. Rxg5 Rxe2+ 43. Kc1 Kd3 44. Kb1 Kxc4 0-1

[Event "2nd Washington Int"]
[Site "Rockville USA"]
[Date "2013.08.09"]
[Round "7.2"]
[White "Quesada Perez, Yuniesky"]
[Black "Corrales Jimenez, Fidel"]
[Result "1-0"]
[WhiteTitle "GM"]
[WhiteElo "2636"]
[BlackElo "2598"]
[WhiteFideId "3504409"]
[BlackFideId "3506690"]
[EventDate "2013.08.06"]

1. e4 c5 2. Nf3 d6 3. d4 cxd4 4. Nxd4 Nf6 5. Nc3 g6 6. Be3 Bg7 7. f3 O-O 8. Qd2
Nc6 9. O-O-O d5 10. exd5 Nxd5 11. Nxc6 bxc6 12. Bd4 e5 13. Bc5 Rb8 14. Bc4 e4
15. fxe4 Nxc3 16. Qxd8 Ne2+ 17. Bxe2 Bxb2+ 18. Kb1 Be5+ 19. Qb6 Rxb6+ 20. Bxb6
axb6 21. Bc4 Kg7 22. Bb3 Re8 23. h3 h5 24. Rd3 f6 25. Rhd1 Re7 26. Rd8 Rc7 27.
Rg8+ Kh6 28. h4 Bg4 29. Rh8+ Rh7 30. Rdd8 Bg3 31. a4 Bxh4 32. Rxh7+ Kxh7 33. Rd6
Kg7 34. Rxc6 Bf2 35. Be6 Be2 36. Bc4 Bg4 37. Bd5 Be2 38. c4 Bf1 39. Kc2 Bxg2 40.
e5 Bxd5 41. exf6+ Kf7 42. cxd5 h4 43. Kd3 h3 44. Rc7+ Kxf6 45. Rh7 Ke5 46. Kc4
g5 47. Rxh3 g4 48. Rh8 g3 49. Rg8 Kf5 50. Kb5 1-0

[Event "2nd Washington Int"]
[Site "Rockville USA"]
[Date "2013.08.09"]
[Round "7.3"]
[White "Ludwig, Daniel"]
[Black "Lenderman, Aleksandr"]
[Result "1-0"]
[WhiteTitle "IM"]
[BlackTitle "GM"]
[WhiteElo "2479"]
[BlackElo "2527"]
[WhiteFideId "2024322"]
[BlackFideId "2021285"]
[EventDate "2013.08.06"]

1. c4 e5 2. Nc3 Nc6 3. Nf3 Nf6 4. e3 Be7 5. a3 d5 6. cxd5 Nxd5 7. Qc2 a6 8. Nxd5
Qxd5 9. Bc4 Qd6 10. b4 O-O 11. Bb2 Be6 12. O-O Bxc4 13. Qxc4 Rfd8 14. Rac1 Bf6
15. Rfd1 Qd3 16. e4 Rd7 17. Rc3 Qxc4 18. Rxc4 g5 19. h3 h5 20. Kf1 Rd3 21. Bc3
g4 22. hxg4 hxg4 23. Nh2 g3 24. Ng4 Bg7 25. Ke2 Rad8 26. f3 R3d7 27. Rh1 Ne7 28.
Rh3 f5 29. exf5 Nxf5 30. Ne3 Nxe3 31. Kxe3 Kf7 32. Rg4 Bf6 33. f4 Re8 34. f5 1-0

[Event "2nd Washington Int"]
[Site "Rockville USA"]
[Date "2013.08.09"]
[Round "7.4"]
[White "Sundararajan, Kidambi"]
[Black "Homa, Seth"]
[Result "1-0"]
[WhiteTitle "GM"]
[BlackTitle "FM"]
[WhiteElo "2458"]
[BlackElo "2311"]
[WhiteFideId "5005370"]
[BlackFideId "2031779"]
[EventDate "2013.08.06"]

1. g3 Nf6 2. Bg2 g6 3. e4 d6 4. d4 Bg7 5. Ne2 O-O 6. O-O Nbd7 7. c4 e5 8. Nbc3
exd4 9. Nxd4 Re8 10. Re1 a6 11. b3 Rb8 12. Rb1 c5 13. Nf3 b5 14. Bf4 b4 15. Na4
Bb7 16. Bxd6 Bxe4 17. Bxb8 Bxb1 18. Rxe8+ Qxe8 19. Ba7 Bxa2 20. Qc2 Bxb3 21.
Qxb3 Bf8 22. Bb6 Qb8 23. Ba5 h5 24. Qd3 Be7 25. h3 Kg7 26. h4 Bf8 27. Bh3 Ne5
28. Nxe5 Qxe5 29. Qd1 Ne4 30. Bg2 Nc3 31. Nxc3 Qxc3 32. Bd5 Be7 33. Kg2 Bf6 34.
Qa4 Qe5 35. Qd7 Be7 36. Bc7 Qf6 37. f4 Qf5 38. Qxe7 Qc2+ 39. Kh3 Qf5+ 40. Kh2
Qc2+ 41. Bg2 Qxc4 42. Be5+ 1-0

[Event "2nd Washington Int"]
[Site "Rockville USA"]
[Date "2013.08.09"]
[Round "7.5"]
[White "Sarkar, Justin"]
[Black "Fridman, Daniel"]
[Result "1-0"]
[WhiteTitle "IM"]
[BlackTitle "GM"]
[WhiteElo "2437"]
[BlackElo "2634"]
[WhiteFideId "2010011"]
[BlackFideId "11600454"]
[EventDate "2013.08.06"]

1. d4 d5 2. c4 e6 3. Nc3 c6 4. Nf3 dxc4 5. a4 Bb4 6. e3 b5 7. Bd2 a5 8. axb5
Bxc3 9. Bxc3 cxb5 10. b3 Bb7 11. bxc4 b4 12. Bb2 Nf6 13. Bd3 O-O 14. O-O Nbd7
15. Nd2 Ra7 16. Bc2 Re8 17. Re1 e5 18. Ba4 exd4 19. Bxd4 Ra8 20. c5 Re6 21. Nc4
Qc7 22. Nd6 Ne5 23. Nxb7 Qxb7 24. Bb3 Ree8 25. Bxe5 Rxe5 26. Rxa5 Rae8 27. Ba4
Qc7 28. Rb5 Nd5 29. Qf3 g6 30. g4 h5 31. h3 hxg4 32. hxg4 Re4 33. Bb3 Nf4 34.
Rd1 Qc6 35. Rb6 Qxc5 36. Rxg6+ Nxg6 37. Qxf7+ Kh8 38. Qxg6 Qf8 39. Kg2 Qf3+ 40.
Kxf3 Rxe3+ 41. fxe3 Rxe3+ 42. Kf4 Rf3+ 43. Kg5 1-0

[Event "2nd Washington Int"]
[Site "Rockville USA"]
[Date "2013.08.09"]
[Round "7.6"]
[White "Chirila, Ioan-Cristian"]
[Black "Garcia, Gildardo"]
[Result "1/2-1/2"]
[WhiteTitle "GM"]
[BlackTitle "GM"]
[WhiteElo "2520"]
[BlackElo "2393"]
[WhiteFideId "1211668"]
[BlackFideId "4400020"]
[EventDate "2013.08.06"]

1. d4 d5 2. c4 e6 3. Nc3 Nf6 4. Nf3 c6 5. Bg5 Nbd7 6. e3 Qa5 7. Nd2 dxc4 8. Bxf6
Nxf6 9. Nxc4 Qc7 10. Rc1 Bb4 11. a3 Bxc3+ 12. Rxc3 O-O 13. Be2 Nd5 14. Rc1 c5
15. O-O Rd8 16. Nd2 Qb6 17. Rxc5 Qxb2 18. Nc4 Qa2 19. Bd3 b6 20. Bb1 Nc3 21.
Bxa2 Nxd1 22. Rxc8 Raxc8 23. Rxd1 b5 24. Na5 Rc3 25. Bb3 Rd6 26. d5 exd5 27. Kf1
Kf8 28. Bxd5 Rxa3 29. Nb7 Rd7 30. e4 a5 31. e5 b4 32. Nd6 Rc3 33. Ra1 Rc5 34.
Bb3 Rxe5 35. Nc4 Rc5 36. Rxa5 Rxa5 37. Nxa5 Rd3 38. Ke2 Rc3 39. Kd2 Ke7 1/2-1/2

[Event "2nd Washington Int"]
[Site "Rockville USA"]
[Date "2013.08.09"]
[Round "7.7"]
[White "Ostrovskiy, Aleksandr A"]
[Black "Yang, Darwin"]
[Result "1/2-1/2"]
[WhiteTitle "FM"]
[BlackTitle "IM"]
[WhiteElo "2410"]
[BlackElo "2480"]
[WhiteFideId "2034239"]
[BlackFideId "2029111"]
[EventDate "2013.08.06"]

1. Nf3 Nf6 2. c4 e6 3. g3 d5 4. Bg2 Be7 5. O-O O-O 6. b3 b6 7. Bb2 Bb7 8. e3
dxc4 9. bxc4 c5 10. Qe2 Nc6 11. Nc3 a6 12. Ne1 Qd7 13. f4 Rfd8 14. d3 Na5 15.
Bxb7 Qxb7 16. a4 Rd7 17. f5 Rad8 18. Rd1 Nc6 19. fxe6 fxe6 20. Nf3 h6 21. Rd2
Qc7 22. Rfd1 1/2-1/2

[Event "2nd Washington Int"]
[Site "Rockville USA"]
[Date "2013.08.09"]
[Round "7.8"]
[White "Hunt, Adam C"]
[Black "Kekelidze, Mikheil"]
[Result "1/2-1/2"]
[WhiteTitle "IM"]
[BlackTitle "GM"]
[WhiteElo "2430"]
[BlackElo "2470"]
[WhiteFideId "403970"]
[BlackFideId "13600818"]
[EventDate "2013.08.06"]

1. e4 c5 2. Nf3 a6 3. c3 e6 4. d4 d5 5. e5 Bd7 6. Bd3 Bb5 7. Bxb5+ axb5 8. dxc5
Bxc5 9. b4 Bb6 10. Na3 Ne7 11. Nxb5 O-O 12. O-O Nbc6 13. Bf4 Ng6 14. Bg3 f5 15.
exf6 Qxf6 16. a4 Na7 17. Nxa7 Bxa7 18. Nd4 Bxd4 19. cxd4 Rfc8 20. Qd2 Rc4 21.
Rfd1 Qe7 22. Rdb1 Qf6 23. Rd1 Qe7 24. Rdb1 Qf6 25. Rd1 1/2-1/2